000 01461nam a2200361 i 4500
001 768714001
003 CO-MdFUSB
005 20260327162157.0
007 ta
008 250916t2003 -us |||g |||| 00| 0 eng d
020 _a978-0-8054-2829-2
040 _aCO-MdFUSB
_bspa
_cCO-MdFUSB
_dCO-MdFUSBC
_erda
041 _aspa
_heng
082 _223
_a220.3
_bC37
100 _aCarpenter, Eugene E.,
_eautor
240 _aHolman Treasury of Key Bible Words.
245 _aGlosario Holman de términos Bíblicos
_c/ Eugene E. Carpenter , Philip W. Comfort
264 1 _aTennessee , Estados Unidos :
_bB y H Publishing Group,
_c[2003]
264 4 _c©2003
300 _a439 páginas
_c; 23 cm
336 _2rdacontent
_atexto
_btxt
337 _2rdamedia
_asin mediación
_bn
338 _2rdacarrier
_avolumen
_bnc
520 _aEl glosario Holman de términos Bíblicos es una herramienta indispensable que todo pastor o maestro deseará tener al alcance de la mano. Contiene además un índice de versículos que permite acceder fácilmente al estudio de una palabra determinada. Indispensable para aclarar y ampliar conceptos en la preparación de estudios bíblicos o sermones.
563 _aRústico
653 _aGlosario
653 _aTérminos
700 _aComfort, Philip W.,
_911951
_eautor
700 _aTessore Firpi, Adriana E. ‎
_910909
_etraductor
942 _cBK
945 _aEstudiante Juan Eusse
999 _c71442
_d71442